000 02552nam0a2200385 4500
001 RU\NLR\BIBL_A\012852349
005 20221122175832.0
010 _a978-5-17-139323-6
_93000
021 _aRU
_bКН-П-22-030663
_9КН-П-22-2608
035 _a(NLR Aleph) 012852349
035 _a(RuMoRGB)011070808
090 _a12431339
_c12431339
100 _a20220721d2022 u y0rusy50 ca
101 1 _arus
102 _aRU
105 _aac z 000zy
181 0 _ai
_baxxe
182 0 _an
200 1 _aBlackpink
_eистория уникальной группы
_ekill this love
_fКим Мин-хё
203 _aТекст
_bвизуальный
_cнепосредственный
210 _aМосква
_cАСТ
_d2022
215 _a182 с.
_cцв. ил., портр.
_d22
225 1 _aK-POP
300 _aАвт. указан на обороте тит. с.
330 _aBlackpink-самая популярная девичья k-рор группа не только в Корее, но и во всем мире! Они добились небывалой славы: их слушает почти два миллиарда человек, альбомы расходятся миллионными тиражами. Невероятно талантливые Джису, Дженни, Розэ и Лиса покорили не только Корею, но Европу, Америку и весь остальной мир! Девушки показали, что невинная, отчасти детская привлекательность ценится гораздо дороже. В эпоху порочных нравов Blackpink выглядят как совершенные создания: спортивное телосложение, идеальная кожа, ухоженные волосы, стильная одежда. Слаженная хореография и режиссерская работа приносят их клипам миллиардные просмотры
333 _a16+
601 0 2 _a"Blackpink", южно-корейская гёрл-группа
_cСеул, город; Корея, Республика
_2nlr_sh2
_3RU\NLR\AUTH\6601677450
686 1 _aЩ364.13(5КоЮ)65-68"Blackpink"
700 0 _aКим Мин-хё
711 0 2 _a"Blackpink", южно-корейская гёрл-группа
_cСеул
_3RU\NLR\AUTH\880529629
942 _cBOOK
980 _aNB